00927ngm a22002297a 450000500170000000800410001704000250005804100080008309000140009111000590010524500600016425700130022426401690023730000150040665000170042165000170043865000390045565000440049494200110053899900170054995201310056620191224042330.0170802b20062011ck ||||| |||| 00| vlspa d aCO-BoIAVHcCO-BoIAVH aspa aAVb00413 aAsociación Europea de Zoológicos y Acuarios9827971 aPrograma internacional de conservación de Tití gris aColombia aBogotábAsociación Europea de Zoológicos y AcuariosbAsociación Colombiana de Parques, Zoológicos Acuarios y AfinesbWildelife Conservation Societyc2006 a25 minutos14aFauna99259414aFlora99229314aTití grisxConservación98280014aEspecies en peligro de extinción9255 2zcDVD c19717d19717 00102z40708MEDIOSMaBogotabBogotad2017-08-02l0oAV-00413p042623r2017-08-02 00:00:00tEj. 1w2017-08-02xDonacionyDVD